Northern light : (Record no. 23119)

000 -LEADER
fixed length control field 01491pam a2200349 a 4500
001 - CONTROL NUMBER
control field 2807500
005 - DATE AND TIME OF LATEST TRANSACTION
control field 20170125155350.0
008 - FIXED-LENGTH DATA ELEMENTS--GENERAL INFORMATION
fixed length control field 820722s1982 nyuabc cb 001 0 eng
010 ## - LIBRARY OF CONGRESS CONTROL NUMBER
LC control number 82071937
020 ## - INTERNATIONAL STANDARD BOOK NUMBER
International Standard Book Number 0872730948 (pbk.) :
Terms of availability $17.95
040 ## - CATALOGING SOURCE
Original cataloging agency DLC
Transcribing agency DLC
Modifying agency DLC
043 ## - GEOGRAPHIC AREA CODE
Geographic area code ev-----
050 00 - LIBRARY OF CONGRESS CALL NUMBER
Classification number ND707.5.R43
Item number V37 1982
100 1# - MAIN ENTRY--PERSONAL NAME
Personal name Varnedoe, Kirk,
Dates associated with a name 1946-2003.
245 10 - TITLE STATEMENT
Title Northern light :
Remainder of title realism and symbolism in Scandinavian painting, 1880-1910 /
Statement of responsibility, etc. Kirk Varnedoe.
260 ## - PUBLICATION, DISTRIBUTION, ETC. (IMPRINT)
Place of publication, distribution, etc. Brooklyn, NY :
Name of publisher, distributor, etc. Brooklyn Museum,
Date of publication, distribution, etc. c1982.
300 ## - PHYSICAL DESCRIPTION
Extent 240 p. :
Other physical details ill. (some col.), map, ports. ;
Dimensions 28 cm.
500 ## - GENERAL NOTE
General note Exhibition held: Corcoran Gallery of Art, Washington, D.C., Sept. 8-Oct. 17, 1982; Brooklyn Museum, New York, November 10, 1982-Jan. 6, 1983; Minneapolis Institute of Arts, Minnesota February 4-Apr. 19, 1983.
500 ## - GENERAL NOTE
General note Includes index.
504 ## - BIBLIOGRAPHY, ETC. NOTE
Bibliography, etc Bibliography: p. [236]-240.
650 #0 - SUBJECT ADDED ENTRY--TOPICAL TERM
Topical term or geographic name as entry element Painting, Scandinavian
Chronological subdivision 19th century
Form subdivision Exhibitions.
650 #0 - SUBJECT ADDED ENTRY--TOPICAL TERM
Topical term or geographic name as entry element Painting, Scandinavian
Chronological subdivision 20th century
Form subdivision Exhibitions.
650 #0 - SUBJECT ADDED ENTRY--TOPICAL TERM
Topical term or geographic name as entry element Realism in art
Geographic subdivision Scandinavia
Form subdivision Exhibitions.
650 #0 - SUBJECT ADDED ENTRY--TOPICAL TERM
Topical term or geographic name as entry element Symbolism in art
Geographic subdivision Scandinavia
Form subdivision Exhibitions.
710 2# - ADDED ENTRY--CORPORATE NAME
Corporate name or jurisdiction name as entry element Corcoran Gallery of Art.
710 2# - ADDED ENTRY--CORPORATE NAME
Corporate name or jurisdiction name as entry element Brooklyn Museum.
710 2# - ADDED ENTRY--CORPORATE NAME
Corporate name or jurisdiction name as entry element Minneapolis Institute of Arts.
906 ## - LOCAL DATA ELEMENT F, LDF (RLIN)
a 7
b cbc
c orignew
d 1
e opcn
f 19
g y-gencatlg
942 ## - ADDED ENTRY ELEMENTS (KOHA)
Source of classification or shelving scheme
Koha item type Hard Covered Materials
Classification part ND 707.5 .R43V37 1982
Holdings
Withdrawn status Lost status Source of classification or shelving scheme Damaged status Not for loan Home library Current library Shelving location Date acquired Source of acquisition Total Checkouts Full call number Barcode Date last seen Price effective from Koha item type
          MACHAKOS UNIVERSITY LIBRARY MACHAKOS UNIVERSITY LIBRARY Technical section 25/01/2017 Donation (B.F.A)   ND 707.5 .R43V37 1982 30599 23/07/2018 25/01/2017 Hard Covered Materials
© Machakos University Library, Along The Highway, Machakos Wote Rd, Machakos, Kenya P.O. Box 136 - 90100 Machakos - Kenya

Tel: ( +254 ) 723 805829 OR Fax : 044-20353 OR Email: library@mksu.ac.ke